00870nam a22001935i 4500001000700000003000900007005001700016008004100033040001400074100004000088245028300128250002400411260005700435300002300492650003200515700004400547752002500591852006000616156861ES-MaACL20250724063420.0940206s1773 it |||| | ita d aCAV bspa1 aLadvocat, Jean-Baptiste,d1709-176510aDizionario storico portatile che contiene la storia de' patriarchi, de' principi ebrei, degl' imperadori, de' re... e... di tutti gli nomini illustri nelle arti a nelle scienze... / ccomposto in francese dal signor abate Ladvocat... e transportato in italiano... ; tomo quarto. aEdizione novissima. eIn Bassano : ba spese Remondini di Venezia, c1773. a276 p. ; c8\so\p. 0aBiografías-xDiccionarios11aRemondini, Giuseppe,dfl.1773-1811eed. aItalia - d, Bassano aES-MaACLjR-405-6 z-- Enc. pasta x Olim: D-949-50